Sprichwörter - Multiple Choice - Statistiken

Allgemein
  • Dieses Quiz wurde 160 mal gespielt
  • Das Durchschnittsergebnis liegt bei 9 aus 10
Antwortstatistiken
Frage Antwort % Korrekt
Kinder ähneln oft in vielen Hinsichten ihren Eltern. Der Apfel fällt nicht weit vom Stamm
99%
Wenn man pünktlich kommt, hat man einen Vorteil. Der frühe Vogel fängt den Wurm
99%
Wenn etwas mir nicht nah ist, vergesse ich es. Aus den Augen, aus dem Sinn
98%
Jeder hat mal Glück und schafft dadurch Dinge. Ein blindes Huhn findet auch mal ein Korn
98%
Wenn man jemandem mit Absicht schadet, kann das auf den Verursacher zurückfallen. Wer anderen eine Grube gräbt, fällt selbst hinein
98%
Es hilft nicht immer, wenn viele Leute an einer Sache arbeiten. Zu viele Köche verderben den Brei
96%
Es ist besser, etwas mit geringerem Wert sicher zu haben, als nach etwas mit größerem Wert zu streben, was man aber nicht sicher bekommt. Lieber den Spatz in der Hand als die Taube auf dem Dach
95%
Viele Dinge können unangenehme Nachteile haben. Wo gehobelt wird, fallen Späne
92%
In manchen Fällen sind bestimmte Unterschiede unwichtig und kaum zu erkennen. Nachts sind alle Katzen grau
91%
Ein einzelnes Ereignis ist kein sicheres Indiz. Eine Schwalbe macht noch keinen Sommer
74%
Keine übereinstimmenden Quizze gefunden
Verteilung der Resultate
Anzahl Personen mit jedem Resultat
Perzentil nach korrekt beantworteten Fragen
Ihre Resultats-Entwicklung
Sie haben dieses Quiz noch nicht gespielt